Responses for Show #8429 - Thursday, June 24, 2021

Champion's winnings & consolation amounts matched to The Bowery Mission.

Contestants

[<< previous game]

Kirsten Haas, a nonprofit executive director from Reading, Pennsylvania

Arman Ramnath, a law student from Columbus, Ohio

Sandy Olive, a high school English teacher from St. Louis, Missouri (whose 2-day cash winnings total $52,200)

[next game >>]

Jeopardy! Round responses

'TIS THE SEASONAL BOOK TITLE
3-RING CIRCUS
THIS MEANS WAR!
REAL PEOPLE ON FILM
5 SCOOPS OF ICE CREAM
A SIDE OF CHILE
    $200 2
Spring

Sandy
    $200 18
binder

Sandy
    $200 3
battle

Sandy
    $200 8
Nelson Mandela

Arman
    $200 11
(Savannah: Yes, yum.)

soft serve

Arman
    $200 16
the Andes

Arman
    $400 1
Fall

Kirsten
    $400 19
the Olympics

Arman
    $400 25
a blitz

Arman
    $400 7
Butch Cassidy & the Sundance Kid

Kirsten
    $400 22
(Arman: What is Napolitan? [*]. What is [*]?)

Neapolitan

Arman
    $400 9
Santiago

Arman
    $600 14
Winter

Sandy
    $600 20
T-Pain

Arman
    $600 26
The Clash

Sandy
    $600 5
[NOTE: Arman did not include the leading article in his response.]

The Wolf of Wall Street

Arman
    $600 23
Ben & Jerry's

Sandy
    $600 10
Patagonia

Kirsten
    $800 13
Summer

Kirsten
    $800 21
skydiving

Sandy
    $800 15
assault

Arman
    $800 4
Jim Carrey

Arman
    $800 29
Baked Alaska

Sandy
    $800 12
the Atacama

Sandy
    $1000 27
Winter

Sandy
    $1000 24
John Glenn

Arman
    $1000 28
melee

Sandy
    $1,000 6
Julian Assange

Arman
    $1000 30
Good Humor

Sandy
    $1000 17
Pinochet

Sandy

Scores at the first commercial break (after clue 15):

Sandy Arman Kirsten
$1,800 $4,000 $2,200

Scores at the end of the Jeopardy! Round:

Sandy Arman Kirsten
$8,800 $7,000 $2,200

Double Jeopardy! Round responses

CHURCHILL SPEAKS
BRAND NAMES IN MUSIC
MYTHOLOGY
WORLD HOLIDAYS & OBSERVANCES
OFFICIAL STATE FOSSILS
ENDS IN "A-D-O"
    $400 25
sweat

Sandy
    $400 1
Teen Spirit

Arman
    $400 6
Cerberus

Sandy
    $400 16
school

Sandy
    $400 20
a whale

Arman
    $400 11
a tornado

Kirsten
    $800 24
(Kirsten: What is Switzerland?)

France

ArmanKirsten
    $800 2
(Kirsten: What is "24K Magic"?)

"Uptown Funk"

SandyKirsten
    $800 7
Valhalla

Sandy
    $800 17
the Bounty

Kirsten
    $800 26
the mastodon

Triple Stumper
    $800 12
aficionado

Sandy
    $5,000 21
surrender

Arman
    $1200 3
Red Lobster

Arman
    $1200 8
(Sandy: Who is Orion?)

Adonis

SandyKirsten
    $1200 18
November 11th

Sandy
    $1200 27
South Dakota

Arman
    $1200 13
Desperado

Sandy
    $1600 23
Dulles

Arman
    $1600 4
Janis Joplin

Sandy
    $1600 9
Amun

Triple Stumper
    $1600 19
(Arman: What is Malaysia?)
(Kirsten: What is Jakarta?)

Bali

ArmanKirsten
Triple Stumper
    $1600 29
(Kirsten: What's a crab?)

snail

Kirsten
Triple Stumper
    $1600 14
incommunicado

Kirsten
    $2000 22
(Arman: What is surrender, uh, order surrender?)
(Kirsten: What is a knighthood?)
(Sandy: What is the Order of the British Empire?)

the Order of the Garter

SandyArmanKirsten
Triple Stumper
    $2000 5
"Barbie Girl"

Kirsten
    $2000 10
Penelope

Sandy
    $2000 28
Midsummer

Sandy
    $2,000 30
Virginia

Sandy
    $2000 15
Amontillado

Kirsten

Scores at the end of the Double Jeopardy! Round:

Sandy Arman Kirsten
$19,200 $14,000 $3,400

[wagering suggestions for these scores]

Final Jeopardy! Round responses

AMERICAN AUTHORS
(Savannah: [To Arman] The book was A Connecticut Yankee in King Arthur's Court.)
KirstenWho is Harriet Beecher Stowe
$3,399
ArmanWho is Twain
$5,205
SandyWho Nathaniel Hawthorne?
$9,000
Mark Twain

Final scores:

Sandy Arman Kirsten
$10,200 $19,205 $1
2nd place: $2,000 New champion: $19,205 3rd place: $1,000

Game dynamics:

Coryat scores:

Sandy Arman Kirsten
$19,200 $10,200 $3,400
25 R
(including 1 DD),
2 W
20 R
(including 2 DDs),
2 W
10 R,
5 W

Combined Coryat: $32,800

[game clues] [game scores] [suggest correction]

Game tape date: 2021-03-24
The J! Archive is created by fans, for fans. Scraping, republication, monetization, and malicious use prohibited; this site may use cookies and collect identifying information. See terms. The Jeopardy! game show and all elements thereof, including but not limited to copyright and trademark thereto, are the property of Jeopardy Productions, Inc. and are protected under law. This website is not affiliated with, sponsored by, or operated by Jeopardy Productions, Inc. Join the discussion at JBoard.tv.